Relating CP-Violating Decays to the Neutron EDM; Few-Body Systems; Vol. 59, iss. 4
| Parent link: | Few-Body Systems Vol. 59, iss. 4.— 2018.— [66, 5 p.] |
|---|---|
| Collectivité auteur: | |
| Autres auteurs: | , , , , , , |
| Résumé: | Title screen We use the present upper bound on the neutron electric dipole moment to give an estimate for the upper limit of the CP-violating couplings of the η(η′)η(η′) to the neutron. Using this result, we derive constraints on the CP-violating two-pion decays of the η(η′)η(η′) mesons. Our results are relevant for the running and planned GlueX and LHCb measurements of rare meson decays. Режим доступа: по договору с организацией-держателем ресурса |
| Langue: | anglais |
| Publié: |
2018
|
| Sujets: | |
| Accès en ligne: | https://doi.org/10.1007/s00601-018-1387-6 |
| Format: | Électronique Chapitre de livre |
| KOHA link: | https://koha.lib.tpu.ru/cgi-bin/koha/opac-detail.pl?biblionumber=664578 |
MARC
| LEADER | 00000naa0a2200000 4500 | ||
|---|---|---|---|
| 001 | 664578 | ||
| 005 | 20250410091827.0 | ||
| 035 | |a (RuTPU)RU\TPU\network\35762 | ||
| 090 | |a 664578 | ||
| 100 | |a 20210427d2018 k||y0rusy50 ba | ||
| 101 | 0 | |a eng | |
| 135 | |a drcn ---uucaa | ||
| 181 | 0 | |a i | |
| 182 | 0 | |a b | |
| 200 | 1 | |a Relating CP-Violating Decays to the Neutron EDM |f Th. Gutsche, A. H. Blin, S. G. Kovalenko [et al.] | |
| 203 | |a Text |c electronic | ||
| 300 | |a Title screen | ||
| 320 | |a [References: 24 tit.] | ||
| 330 | |a We use the present upper bound on the neutron electric dipole moment to give an estimate for the upper limit of the CP-violating couplings of the η(η′)η(η′) to the neutron. Using this result, we derive constraints on the CP-violating two-pion decays of the η(η′)η(η′) mesons. Our results are relevant for the running and planned GlueX and LHCb measurements of rare meson decays. | ||
| 333 | |a Режим доступа: по договору с организацией-держателем ресурса | ||
| 461 | |t Few-Body Systems | ||
| 463 | |t Vol. 59, iss. 4 |v [66, 5 p.] |d 2018 | ||
| 610 | 1 | |a электронный ресурс | |
| 610 | 1 | |a труды учёных ТПУ | |
| 701 | 1 | |a Gutsche |b Th. |g Thomas | |
| 701 | 1 | |a Blin |b A. H. |g Astrid Hiller | |
| 701 | 1 | |a Kovalenko |b S. G. |g Sergey | |
| 701 | 1 | |a Kuleshov |b S. V. |g Sergey Vasiljevich | |
| 701 | 1 | |a Lyubovitskiy (Lyubovitskij) |b V. E. |c physicist |c Professor of Tomsk Polytechnic University, Doctor of physical and mathematical sciences, Professor of the University of Tubingen (Germany) |f 1963- |g Valery Efimovich |3 (RuTPU)RU\TPU\pers\33385 |9 17080 | |
| 701 | 1 | |a Vacas |b M. J. V. |g Manuel J. Vicente | |
| 701 | 1 | |a Zhevlakov |b A. S. |g Aleksey Seregeevich | |
| 712 | 0 | 2 | |a Национальный исследовательский Томский политехнический университет |b Исследовательская школа физики высокоэнергетических процессов |c (2017- ) |3 (RuTPU)RU\TPU\col\23551 |
| 801 | 2 | |a RU |b 63413507 |c 20210429 |g RCR | |
| 856 | 4 | |u https://doi.org/10.1007/s00601-018-1387-6 | |
| 942 | |c CF | ||